000 01657nam a2200277Ia 4500
999 _c30735
_d30735
003 CO-CtgCURN
005 20250409212017.0
008 220303s9999 xx 000 0 und d
020 _a9789587951844
040 _aCO-CtgCURN
_bspa
_ccoctgcurn
082 _a345.43
_bA141a
100 _aAbello Gual, Jorge Arturo
_eautor
_98723
245 0 _aAutoría y participación :
_ben el derecho penal /
_cJorge Arturo Abello Gual
260 _aBogotá, Colombia :
_bLeyer,
_c2021
300 _a256 páginas ;
_c23 centímetros
500 _aIncluye índice
504 _aIncluye referencias bibliográficas
505 _aCap.1. Autores y participes de la conducta punible -- Cap.2. La autoría y la participación en la responsabilidad penal por el producto -- Cap.3. Autoría y participación en las conductas culposas -- Cap.4. Manifestaciones de autoría y participación en diferentes conductas punibles.
520 _aLa obra desarrolla la autoría y la participación en la conducta punible, tanto de manera general como aplicada a diferentes delitos. La temática se trata en conductas dolosas y culposas y sus manifestaciones en delitos de peculado, sexuales, delitos empresariales y militares y en el sistema de seguridad social. Por lo demás, temas como la posición de garante, los principios de confianza, delegación y el delito imprudente, son referenciados en esta obra.
521 _aAREA PROFESIONAL
590 _aPrograma de Derecho_18
650 _aAutoria
_98724
650 _aDerecho penal
_zColombia
_98725
942 _cBK
_h345.43
_iA141a
_2ddc
_01